00938cam a22002417a 4500003000500000005001700005008004100022010001000063011001000073020001500083035001000098040000900108082001500117110007300132245014400205260008900349300002000438650003200458650005000490650003600540710007200576710004800648CHAP20220329141852.0980317d1995 mx ab r 00110 spa d a75023 a75995 a9688173339 a85569 cCHAP04a333.95bM42 aMéxico. Secretaría de Medio Ambiente, Recursos Naturales y Pesca10aReservas de la biósfera y otras áreas naturales protegidas de Méxicoc/por Secretaría de Medio Ambiente, Recursos Naturales y Pesca0 aMéxico, D.F. :bSecretaría de Medio Ambiente, Recursos Naturales y Pesca,c1995. a159 p. :bilus.14aÁreas protegidasxMexico.14aRecursos naturalesxConservaciónxMéxico.14aVida silvestrexConservación.0 aComisión Nacional para el Conocimiento y Uso de la Biodiversidad.0 aInstituto Nacional de Ecología. México.